| 000 | 01044nam0a22002651 4500 | ||
|---|---|---|---|
| 001 | rc\3232113 | ||
| 005 | 20130115141612.0 | ||
| 035 | _a(NLR Aleph) 007371058 | ||
| 090 |
_a6408513 _c6408513 |
||
| 100 | _a20130115d1974 |||y0rusy50 ca | ||
| 101 | 0 | _arus | |
| 102 | _aRU | ||
| 105 | _aa z ||||| | ||
| 200 | 1 |
_aЭкономика, организация и планирование гражданской авиации _eСхемы, таблицы и диагр. _fМ-во гражд. авиации СССР. Риж. летно-техн. училище гражд. авиации |
|
| 210 |
_aРига _cБ. и. _d1974 |
||
| 215 |
_a[142] с. _cил. _d29 |
||
| 300 | _aВ конце текста сост.: Н.С. Гамезо и О.Б. Вайнбе | ||
| 333 | _aДля служебного пользования. Экз. № 001680 | ||
| 702 | 1 |
_aГамезо _bН. С. _4220 |
|
| 702 | 1 |
_aВайнбе _bО. Б. _4220 |
|
| 801 | 0 |
_aRU _bNLR _gpsbo |
|
| 801 | 1 |
_aRU _bELAR _2rusmarc |
|
| 852 |
_aNLR _j74-50К/2835 |
||
| 942 | _cBOOK | ||
| 980 | _aNB | ||